| Tag |
First Indicator |
Second Indicator |
Subfields |
| LEADER |
00000cam a2200000 a 4500 |
| 001 |
in00005738708 |
| 005 |
20260326163127.9 |
| 006 |
m o d |
| 007 |
cr ||||||||||| |
| 008 |
091005s1988 caua ob 001 0 eng d |
| 040 |
|
|
|a UIU
|b eng
|e pn
|c UIU
|d OCLCQ
|d OPELS
|d OCLCQ
|d OCLCE
|d OCLCO
|d OPELS
|d OCLCF
|d VVL
|d KUK
|d OCLCQ
|d YDXCP
|d OCLCQ
|d BUF
|d KIJ
|d OCLCQ
|d OCLCO
|d ANS
|d YOU
|d OCLCO
|d OCLCA
|d LEAUB
|d OCLCO
|d OCL
|d OCLCQ
|d OCLCO
|d SXB
|d OCLCQ
|d OCLCL
|d OCLCQ
|
| 019 |
|
|
|a 846175694
|a 1027295348
|
| 020 |
|
|
|a 0121820378
|q (electronic bk.)
|
| 020 |
|
|
|a 9780121820374
|q (electronic bk.)
|
| 035 |
|
|
|a (OCoLC)449206018
|z (OCoLC)846175694
|z (OCoLC)1027295348
|
| 050 |
|
4 |
|a QP601
|b .I46 1988eb
|
| 060 |
|
4 |
|a QU 25 M592 v.137 1988
|
| 082 |
0 |
4 |
|a 572/.7
|2 23
|
| 049 |
|
|
|a TXAM
|
| 245 |
0 |
0 |
|a Immobilized enzymes and cells.
|n Part D /
|c edited by Klaus Mosbach.
|
| 260 |
|
|
|a San Diego :
|b Academic Press,
|c ©1988.
|
| 300 |
|
|
|a 1 online resource (xxxv, 767 pages) :
|b illustrations
|
| 336 |
|
|
|a text
|b txt
|2 rdacontent
|
| 337 |
|
|
|a computer
|b c
|2 rdamedia
|
| 338 |
|
|
|a online resource
|b cr
|2 rdacarrier
|
| 490 |
1 |
|
|a Methods in enzymology ;
|v v. 137
|
| 504 |
|
|
|a Includes bibliographical references and indexes.
|
| 520 |
|
|
|a The critically acclaimed laboratory standard, Methods in Enzymology, is one of the most highly respected publications in the field of biochemistry. Since 1955, each volume has been eagerly awaited, frequently consulted, and praised by researchers and reviewers alike. The series contains much material still relevant today - truly an essential publication for researchers in all fields of life sciences.
|
| 505 |
0 |
|
|a Section I. Analytical applications with emphasis on biosensors -- Section II. Medical applications -- Section III. Novel techniques for and aspects of immobilized enzymes and cells.
|
| 650 |
|
0 |
|a Immobilized enzymes.
|
| 650 |
|
0 |
|a Immobilized cells.
|
| 650 |
|
0 |
|a Biosensors.
|
| 650 |
|
0 |
|a Enzymes
|x Industrial applications.
|
| 650 |
|
0 |
|a Enzymes.
|
| 650 |
|
2 |
|a Enzymes
|
| 650 |
|
2 |
|a Enzymes, Immobilized
|
| 650 |
|
2 |
|a Cells, Immobilized
|
| 650 |
|
2 |
|a Biosensing Techniques
|
| 650 |
|
6 |
|a Enzymes immobilisées.
|
| 650 |
|
6 |
|a Cellules immobilisées.
|
| 650 |
|
6 |
|a Biocapteurs.
|
| 650 |
|
6 |
|a Enzymes
|x Applications industrielles.
|
| 650 |
|
6 |
|a Enzymes.
|
| 650 |
|
7 |
|a enzyme.
|2 aat
|
| 650 |
|
7 |
|a Enzymes
|2 fast
|
| 650 |
|
7 |
|a Biosensors
|2 fast
|
| 650 |
|
7 |
|a Enzymes
|x Industrial applications
|2 fast
|
| 650 |
|
7 |
|a Immobilized cells
|2 fast
|
| 650 |
|
7 |
|a Immobilized enzymes
|2 fast
|
| 650 |
|
7 |
|a Enzymes immobilisées.
|2 ram
|
| 650 |
|
7 |
|a Cellules immobilisées.
|2 ram
|
| 650 |
|
7 |
|a Biocapteurs.
|2 ram
|
| 650 |
|
7 |
|a Enzymes
|x Applications industrielles.
|2 ram
|
| 655 |
|
7 |
|a Electronic books.
|2 local
|
| 700 |
1 |
|
|a Mosbach, Klaus.
|
| 710 |
2 |
|
|a ScienceDirect (Online service)
|
| 776 |
0 |
8 |
|i Print version:
|t Immobilized enzymes and cells. Part D.
|d San Diego : Academic Press, ©1988
|w (OCoLC)13506845
|
| 830 |
|
0 |
|a Methods in enzymology ;
|v v. 137.
|
| 856 |
4 |
0 |
|u http://proxy.library.tamu.edu/login?url=https://www.sciencedirect.com/science/bookseries/00766879/137
|z Connect to the full text of this electronic book
|t 0
|
| 955 |
|
|
|a Elsevier ScienceDirect 2026-2027
|
| 994 |
|
|
|a 92
|b TXA
|
| 999 |
f |
f |
|i 9d83e783-5cbe-47fb-b4b6-360678ad66ed
|s 610b9c75-7b73-42a5-a210-667c1bfecab4
|t 0
|
| 952 |
f |
f |
|a Texas A&M University
|b College Station
|c Electronic Resources
|s www_evans
|d Available Online
|t 0
|e QP601 .I46 1988eb
|h Library of Congress classification
|
| 998 |
f |
f |
|a QP601 .I46 1988eb
|t 0
|l Available Online
|